000 00571nam a22001817a 4500
005 20251108172918.0
008 250721s2001 xx 000 0 ara d
082 1 4 _a214.5/قرط
100 1 _aالقرطبي، شمس الدين أبو عبد الله محمد
245 1 0 _aالمسيح الدجال و نزول عيسى عليه السلام /
264 1 _aالقاهرة :
_bمكتبة الصفا،
_c2001.
300 _a80 ص
650 1 7 _aالحياة الآخره
650 1 7 _aالمسيح
650 1 7 _aالساعة
942 _2ddc
_cBK
999 _c91612
_d91612